000 00627nam a22001937a 4500
005 20251108164943.0
008 250721s1995 xx 000 0 ara d
082 1 4 _a658/سلم
100 1 _aالسلمي، علي
245 1 0 _aالسياسات الإدارية في عصر المعلومات /
264 1 _aالقاهرة :
_bدار غريب للطباعة والنشر والتوزيع،
_c1995.
300 _a316ص
650 1 7 _aالإدارة
650 1 7 _aتقنيات الإدارة
650 1 7 _aالقيادة الإدارية
650 1 7 _aالسلوك التنظيمي
942 _2ddc
_cBK
999 _c18291
_d18291